[Event "Pardubice op-A"]
[Site "Pardubice"]
[Date "2006.07.23"]
[Round "3"]
[White "Wojtaszek, Radoslaw"]
[Black "Zhigalko, Sergei"]
[Result "1/2-1/2"]
[WhiteElo "2622"]
[BlackElo "2487"]
[PlyCount "118"]
[EventDate "2006.07.21"]
[EventType "swiss"]
[EventRounds "9"]
[EventCountry "CZE"]
[SourceTitle "CBM 113 Extra"]
[Source "ChessBase"]
[SourceDate "2006.09.14"]
[SourceVersion "1"]
[SourceVersionDate "2006.09.14"]
[SourceQuality "1"]

1. d4 d5 2. Nf3 c6 3. c4 e6 4. e3 Bd6 5. Bd3 f5 6. O-O Nf6 7. b3 Qe7 8. Bb2 O-O 9. Qc1 Bd7 10. Ba3 Be8 11. Bxd6 Qxd6 12. Qa3 Qxa3 13. Nxa3 Bh5 14. Ng5 Re8 15. cxd5 Nxd5 16. Nc4 Re7 17. Ne5 h6 18. Ngf3 Bxf3 19. Nxf3 Nd7 20. Rac1 Kf7 21. Rfe1 Kf6 22. e4 fxe4 23. Rxe4 e5 24. g3 Rae8 25. Kg2 exd4 26. Rxd4 Ne5 27. Be4 Nxf3 28. Bxf3 Re1 29. Rxe1 Rxe1 30. Bxd5 cxd5 31. Rxd5 Re2 32. a4 Rb2 33. Rd3 h5 34. h4 g6 35. Kf3 Ke5 36. Ke3 b6 37. Rc3 Kf5 38. f3 Ke5 39. Rd3 Rb1 40. f4+ Kf5 41. Rd5+ Kf6 42. Rb5 Rg1 43. Kf2 Rb1 44. Kf3 Rg1 45. b4 Rb1 46. Ke3 Rb3+ 47. Ke4 Rxg3 48. a5 Rh3 49. axb6 axb6 50. Rxb6+ Kg7 51. Rd6 Rxh4 52. b5 g5 53. Kf5 Rxf4+ 54. Kxg5 Rb4 55. Rd7+ Kf8 56. Kf6 Ke8 57. Rd5 Re4 58. b6 Rb4 59. Rxh5 Rxb6+ 1/2-1/2

[Event "Pardubice op-A"]
[Site "Pardubice"]
[Date "2006.07.24"]
[Round "4"]
[White "Borovikov, Vladislav"]
[Black "Zhigalko, Sergei"]
[Result "1/2-1/2"]
[WhiteElo "2582"]
[BlackElo "2487"]
[PlyCount "87"]
[EventDate "2006.07.21"]
[EventType "swiss"]
[EventRounds "9"]
[EventCountry "CZE"]
[SourceTitle "CBM 113 Extra"]
[Source "ChessBase"]
[SourceDate "2006.09.14"]
[SourceVersion "1"]
[SourceVersionDate "2006.09.14"]
[SourceQuality "1"]

1. d4 d5 2. c4 e6 3. Nc3 c6 4. e4 dxe4 5. Nxe4 Nf6 6. Nxf6+ Qxf6 7. Nf3 Bb4+ 8. Bd2 Bxd2+ 9. Qxd2 O-O 10. Bd3 Nd7 11. Qe3 c5 12. O-O-O cxd4 13. Qxd4 Qxd4 14. Nxd4 Nc5 15. Bc2 a5 16. f4 Bd7 17. Rhe1 Rfc8 18. b3 g6 19. Kb2 h5 20. g3 Kg7 21. Re3 Rab8 22. Rc3 Kf6 23. Nf3 b5 24. Ne5 Be8 25. cxb5 Bxb5 26. Rc1 Be8 27. Ka3 Nd7 28. Rxc8 Rxc8 29. Nc4 Rc5 30. Nd6 Ke7 31. Nxe8 Kxe8 32. Kb2 g5 33. Be4 gxf4 34. gxf4 Ke7 35. Rxc5 Nxc5 36. Bc2 Kd6 37. Kc3 Na6 38. h4 Nb4 39. Be4 Nxa2+ 40. Kc4 Nb4 41. Bf3 Nd5 42. Bxh5 Nxf4 43. Bxf7 Ke7 44. Bxe6 1/2-1/2

[Event "Pardubice op-A"]
[Site "Pardubice"]
[Date "2006.07.26"]
[Round "6"]
[White "Zhigalko, Sergei"]
[Black "Sofronie, Iulian"]
[Result "1-0"]
[WhiteElo "2487"]
[BlackElo "2410"]
[PlyCount "73"]
[EventDate "2006.07.21"]
[EventType "swiss"]
[EventRounds "9"]
[EventCountry "CZE"]
[SourceTitle "CBM 113 Extra"]
[Source "ChessBase"]
[SourceDate "2006.09.14"]
[SourceVersion "1"]
[SourceVersionDate "2006.09.14"]
[SourceQuality "1"]

1. e4 e5 2. Nf3 Nc6 3. Bb5 a6 4. Ba4 Nf6 5. O-O b5 6. Bb3 Bc5 7. c3 d6 8. a4 Rb8 9. axb5 axb5 10. d4 Bb6 11. Na3 Bg4 12. Nxb5 O-O 13. d5 Ne7 14. Bc2 Ng6 15. h3 Bxh3 16. gxh3 Qd7 17. c4 Qxh3 18. Ng5 Qg3+ 19. Kh1 Qh4+ 20. Kg2 Nh5 21. Nh3 Ngf4+ 22. Nxf4 Qg5+ 23. Kf3 exf4 24. Rh1 f5 25. exf5 Bxf2 26. Kxf2 Qg3+ 27. Kf1 f3 28. Rg1 Qh3+ 29. Kf2 Qh2+ 30. Kxf3 Qh3+ 31. Kf2 Qh4+ 32. Ke2 Rfe8+ 33. Kd2 Nf4 34. Bd3 Qf2+ 35. Kc3 Ne2+ 36. Bxe2 Rxe2 37. Nd4 1-0

[Event "Pardubice op-A"]
[Site "Pardubice"]
[Date "2006.07.27"]
[Round "7"]
[White "Czarnota, Pawel"]
[Black "Zhigalko, Sergei"]
[Result "1/2-1/2"]
[WhiteElo "2547"]
[BlackElo "2487"]
[PlyCount "64"]
[EventDate "2006.07.21"]
[EventType "swiss"]
[EventRounds "9"]
[EventCountry "CZE"]
[SourceTitle "CBM 113 Extra"]
[Source "ChessBase"]
[SourceDate "2006.09.14"]
[SourceVersion "1"]
[SourceVersionDate "2006.09.14"]
[SourceQuality "1"]

1. e4 c5 2. Nf3 Nc6 3. d4 cxd4 4. Nxd4 Nf6 5. Nc3 e5 6. Ndb5 d6 7. Bg5 a6 8. Na3 b5 9. Bxf6 gxf6 10. Nd5 Bg7 11. Bd3 Ne7 12. Nxe7 Qxe7 13. O-O O-O 14. c4 f5 15. Qf3 d5 16. cxd5 fxe4 17. Bxe4 Rb8 18. Rfd1 Qh4 19. g3 Qg5 20. h4 Qd8 21. d6 f5 22. d7 Bxd7 23. Bd5+ Kh8 24. Be6 Bxe6 25. Rxd8 Rbxd8 26. Qc6 Bd5 27. Qxa6 f4 28. Qxb5 Bf3 29. Nc4 Rd5 30. Qb4 Rfd8 31. Re1 Rd1 32. gxf4 Rxe1+ 1/2-1/2

[Event "Pardubice op-A"]
[Site "Pardubice"]
[Date "2006.07.29"]
[Round "9"]
[White "Zhigalko, Sergei"]
[Black "Vorobiov, Evgeny E"]
[Result "1-0"]
[WhiteElo "2487"]
[BlackElo "2539"]
[PlyCount "71"]
[EventDate "2006.07.21"]
[EventType "swiss"]
[EventRounds "9"]
[EventCountry "CZE"]
[SourceTitle "CBM 113 Extra"]
[Source "ChessBase"]
[SourceDate "2006.09.14"]
[SourceVersion "1"]
[SourceVersionDate "2006.09.14"]
[SourceQuality "1"]

1. e4 c5 2. Nf3 d6 3. d4 cxd4 4. Qxd4 Nc6 5. Bb5 Bd7 6. Bxc6 Bxc6 7. Nc3 Nf6 8. Bg5 e6 9. O-O-O Be7 10. Rhe1 O-O 11. Kb1 Qa5 12. Qd2 Rfc8 13. Nd4 Qa6 14. f3 Be8 15. g4 Rc4 16. h4 Rac8 17. Nce2 Bd8 18. c3 b5 19. Nc2 Be7 20. h5 Qb7 21. h6 g6 22. Qf4 e5 23. Qh2 Nxg4 24. Qh4 f6 25. Bc1 f5 26. Bg5 Bxg5 27. Qxg5 Nf2 28. Rxd6 fxe4 29. Ng3 exf3 30. Rxe5 Qf7 31. Re7 R4c5 32. Qe3 Ng4 33. Rxf7 Nxe3 34. Rg7+ Kh8 35. Nxe3 Re5 36. Rf6 1-0

[Event "EU-ch U18"]
[Site "Herceg Novi"]
[Date "2006.09.10"]
[Round "1"]
[White "Papp, Tamas"]
[Black "Zhigalko, Sergei"]
[Result "0-1"]
[WhiteElo "2253"]
[BlackElo "2487"]
[PlyCount "168"]
[EventDate "2006.09.10"]
[EventType "swiss"]
[EventRounds "9"]
[EventCountry "MNE"]
[SourceTitle "CBM 114 Extra"]
[Source "ChessBase"]
[SourceDate "2006.11.03"]
[SourceVersion "1"]
[SourceVersionDate "2006.11.03"]
[SourceQuality "1"]

1. e4 c5 2. Nf3 Nc6 3. Bb5 Nf6 4. Nc3 Qc7 5. Bxc6 dxc6 6. h3 e5 7. a4 Be7 8. d3 Nd7 9. O-O Nf8 10. Nh2 Ne6 11. Ne2 Bd6 12. Ng4 Nd4 13. Ne3 Be6 14. Nc4 Be7 15. f4 Bxc4 16. dxc4 Rd8 17. Nxd4 cxd4 18. f5 Bb4 19. Qd3 f6 20. Kh1 Qf7 21. Rf3 Rd7 22. b3 Bc3 23. Rb1 O-O 24. Bd2 Bxd2 25. Qxd2 Qe7 26. Ra1 b6 27. Rd3 Rb8 28. Qc1 b5 29. axb5 cxb5 30. cxb5 Rxb5 31. c4 Rb4 32. Ra6 Rdb7 33. Qa3 h6 34. Kh2 Kh7 35. Qa2 Qc7 36. Rg3 R4b6 37. Ra4 Qc6 38. Qc2 Rxb3 39. Rxa7 Rxg3 40. Rxb7 Rc3 41. Qb1 Rxc4 42. Ra7 Ra4 43. Re7 Ra8 44. Re6 Qd7 45. Qb4 Rg8 46. Qc5 Qb7 47. Qc2 Qd7 48. Qc5 Qf7 49. Qd6 Qh5 50. Qd7 Qg5 51. Qb7 Qf4+ 52. Kh1 d3 53. Rd6 d2 54. Qd7 Qxe4 55. Rxd2 Rb8 56. Qd3 Rb1+ 57. Kh2 Qf4+ 58. g3 Qb4 59. Re2 Rc1 60. Qf3 Qd4 61. Qg2 Qd3 62. Qf2 Qd1 63. Qg2 Qd3 64. Qf2 Rd1 65. h4 Qb1 66. Qf3 Rd4 67. Qh5 Rd8 68. Qg4 Qd1 69. Qh5 Kh8 70. Qf3 Rd2 71. Qa8+ Kh7 72. Rxd2 Qxd2+ 73. Kh3 Qd3 74. Qc8 Qf3 75. Kh2 Qf2+ 76. Kh3 h5 77. Qe8 Qxf5+ 78. Kg2 e4 79. Kh2 Qf3 80. g4 Qxg4 81. Kh1 Qxh4+ 82. Kg1 Qg4+ 83. Kh2 h4 84. Kh1 h3 0-1

[Event "EU-ch U18"]
[Site "Herceg Novi"]
[Date "2006.09.11"]
[Round "2"]
[White "Zhigalko, Sergei"]
[Black "Narmontas, Matas"]
[Result "1-0"]
[WhiteElo "2487"]
[BlackElo "2345"]
[PlyCount "115"]
[EventDate "2006.09.10"]
[EventType "swiss"]
[EventRounds "9"]
[EventCountry "MNE"]
[SourceTitle "CBM 114 Extra"]
[Source "ChessBase"]
[SourceDate "2006.11.03"]
[SourceVersion "1"]
[SourceVersionDate "2006.11.03"]
[SourceQuality "1"]

1. e4 e6 2. d4 d5 3. e5 c5 4. c3 Qb6 5. Nf3 Bd7 6. Be2 cxd4 7. cxd4 Bb5 8. Nc3 Bxe2 9. Nxe2 Nc6 10. O-O Nge7 11. Ng3 Ng6 12. Nh5 O-O-O 13. Rb1 Kb8 14. b4 Rg8 15. Bg5 Rc8 16. a3 h6 17. Be3 Be7 18. g3 Nf8 19. Qd3 g6 20. Nf6 Bxf6 21. exf6 Nd7 22. Bxh6 Nxf6 23. Be3 Nd7 24. Rfc1 Qd8 25. a4 Nb6 26. Nd2 Qe7 27. Qb5 Ka8 28. a5 Nd7 29. Qa4 Ncb8 30. b5 f6 31. Rc2 Rxc2 32. Qxc2 Qd6 33. h4 a6 34. bxa6 Nxa6 35. Nb3 Qc7 36. Qb2 Ndb8 37. Rc1 Qd7 38. Nc5 Nxc5 39. Rxc5 Rc8 40. Qc2 Rxc5 41. Qxc5 Qd8 42. Qc2 f5 43. Qc5 Nc6 44. a6 Nb8 45. axb7+ Kxb7 46. Bf4 Nc6 47. Be3 Nb8 48. Kg2 Nc6 49. Kh2 Nb8 50. Qb5+ Qb6 51. Qe8 Qc6 52. Qxg6 Nd7 53. h5 Nb6 54. h6 Nc4 55. h7 Nxe3 56. h8=Q Ng4+ 57. Kg2 Qc2 58. Qhh7+ 1-0

[Event "EU-ch U18"]
[Site "Herceg Novi"]
[Date "2006.09.12"]
[Round "3"]
[White "Grigoryan, Avetik"]
[Black "Zhigalko, Sergei"]
[Result "1/2-1/2"]
[WhiteElo "2396"]
[BlackElo "2487"]
[PlyCount "29"]
[EventDate "2006.09.10"]
[EventType "swiss"]
[EventRounds "9"]
[EventCountry "MNE"]
[SourceTitle "CBM 114 Extra"]
[Source "ChessBase"]
[SourceDate "2006.11.03"]
[SourceVersion "1"]
[SourceVersionDate "2006.11.03"]
[SourceQuality "1"]

1. Nf3 c5 2. c4 Nc6 3. e3 e5 4. Nc3 Nf6 5. d4 cxd4 6. exd4 exd4 7. Nxd4 Bb4 8. Be2 O-O 9. O-O d5 10. Bg5 Nxd4 11. Qxd4 dxc4 12. Bxf6 Qxf6 13. Qxf6 gxf6 14. Nd5 Bd6 15. Nxf6+ 1/2-1/2

[Event "EU-ch U18"]
[Site "Herceg Novi"]
[Date "2006.09.13"]
[Round "4"]
[White "Zhigalko, Sergei"]
[Black "Gonda, Laszlo"]
[Result "1-0"]
[WhiteElo "2487"]
[BlackElo "2447"]
[PlyCount "67"]
[EventDate "2006.09.10"]
[EventType "swiss"]
[EventRounds "9"]
[EventCountry "MNE"]
[SourceTitle "CBM 114 Extra"]
[Source "ChessBase"]
[SourceDate "2006.11.03"]
[SourceVersion "1"]
[SourceVersionDate "2006.11.03"]
[SourceQuality "1"]

1. e4 e5 2. Nf3 Nc6 3. Bb5 Nf6 4. O-O Nxe4 5. d4 Nd6 6. Bxc6 dxc6 7. dxe5 Nf5 8. Qxd8+ Kxd8 9. Nc3 Ne7 10. h3 Ng6 11. b3 Be7 12. Bb2 h5 13. Rfe1 h4 14. Ne4 Be6 15. Neg5 c5 16. Nxe6+ fxe6 17. Kh2 Rh5 18. Re4 Ke8 19. Rd1 Rd8 20. Rxd8+ Bxd8 21. g4 Rh8 22. Bc1 Rf8 23. Kg2 Rf7 24. Ne1 Rd7 25. Nd3 b6 26. Kf1 Ne7 27. Ke2 Nc6 28. Be3 g5 29. c3 Kf7 30. f4 gxf4 31. Rxf4+ Kg7 32. g5 Rf7 33. Rxh4 Rf5 34. Re4 1-0

[Event "EU-ch U18"]
[Site "Herceg Novi"]
[Date "2006.09.14"]
[Round "5"]
[White "Nakhapetiane, Pogos"]
[Black "Zhigalko, Sergei"]
[Result "0-1"]
[WhiteElo "2418"]
[BlackElo "2487"]
[PlyCount "118"]
[EventDate "2006.09.10"]
[EventType "swiss"]
[EventRounds "9"]
[EventCountry "MNE"]
[SourceTitle "CBM 114 Extra"]
[Source "ChessBase"]
[SourceDate "2006.11.03"]
[SourceVersion "1"]
[SourceVersionDate "2006.11.03"]
[SourceQuality "1"]

1. e4 c5 2. Nf3 Nc6 3. d4 cxd4 4. Nxd4 Nf6 5. Nc3 e5 6. Ndb5 d6 7. Bg5 a6 8. Na3 b5 9. Nd5 Be7 10. Bxf6 Bxf6 11. c4 b4 12. Nc2 a5 13. g3 O-O 14. Bg2 Bg5 15. O-O Be6 16. Qd3 Bh6 17. Rad1 Ra7 18. f4 exf4 19. gxf4 g6 20. Nde3 Qb6 21. Kh1 Rd8 22. b3 Qc5 23. f5 Ne5 24. Qe2 Bc8 25. Qe1 Re8 26. Nd5 Bg7 27. Qh4 Bb7 28. Nf6+ Bxf6 29. Qxf6 Ng4 30. Qd4 Qxd4 31. Rxd4 Kg7 32. e5 Nxe5 33. Rxd6 Bxg2+ 34. Kxg2 Ng4 35. f6+ Kh6 36. Kg3 Ne3 37. Nxe3 Rxe3+ 38. Rf3 Re2 39. Rd4 g5 40. h4 Re5 41. Kg4 gxh4 42. Rf5 Rxf5 43. Kxf5 Kh5 44. Rg4 h6 45. c5 Rc7 46. Rc4 h3 47. Rc2 Rc6 48. Ke5 Kg4 49. Kd5 Rxf6 50. c6 Re6 51. c7 Re8 52. c8=Q+ Rxc8 53. Rxc8 h2 54. Rc1 f5 55. Kd4 f4 56. Kd3 Kg3 57. Rh1 Kg2 58. Ke2 f3+ 59. Ke3 h5 0-1

[Event "EU-ch U18"]
[Site "Herceg Novi"]
[Date "2006.09.16"]
[Round "6"]
[White "Zhigalko, Sergei"]
[Black "Tukhaev, Adam"]
[Result "0-1"]
[WhiteElo "2487"]
[BlackElo "2459"]
[PlyCount "126"]
[EventDate "2006.09.10"]
[EventType "swiss"]
[EventRounds "9"]
[EventCountry "MNE"]
[SourceTitle "CBM 114 Extra"]
[Source "ChessBase"]
[SourceDate "2006.11.03"]
[SourceVersion "1"]
[SourceVersionDate "2006.11.03"]
[SourceQuality "1"]

1. e4 c5 2. Nf3 d6 3. d4 cxd4 4. Nxd4 Nf6 5. Nc3 g6 6. Be3 Bg7 7. f3 O-O 8. Qd2 Nc6 9. Bc4 Bd7 10. O-O-O Ne5 11. Bb3 Rc8 12. Kb1 b5 13. Ndxb5 Bxb5 14. Nxb5 a6 15. Nd4 Nc4 16. Bxc4 Rxc4 17. b3 Qb8 18. Ne2 Rfc8 19. Bd4 d5 20. e5 Rxc2 21. Qxc2 Rxc2 22. Kxc2 Nd7 23. f4 e6 24. Kb2 Qb4 25. Rc1 Bf8 26. Rhd1 Nc5 27. Nc3 a5 28. Ka1 h5 29. g3 Kg7 30. Rc2 Be7 31. Rcc1 Qa3 32. Kb1 Qb4 33. Ka1 h4 34. Rc2 h3 35. g4 a4 36. bxa4 Nxa4 37. Nxa4 Qxa4 38. Rcd2 Bb4 39. Rd3 Qc2 40. f5 g5 41. Bb2 Ba5 42. a3 Qxh2 43. fxe6 fxe6 44. Rf1 Qg2 45. Rdf3 Bd8 46. R3f2 Qxg4 47. Rf8 h2 48. Rxd8 Qg1 49. Rdf8 h1=Q 50. R8f7+ Kg6 51. R7f6+ Kh5 52. Rxg1 Qxg1+ 53. Ka2 Qg4 54. Bc1 Qc4+ 55. Kb1 Qe4+ 56. Ka1 Qxe5+ 57. Bb2 Qe2 58. Rf8 d4 59. Rd8 d3 60. Bc3 Qd1+ 61. Ka2 Qc2+ 62. Bb2 d2 63. Rxd2 Qxd2 0-1

[Event "EU-ch U18"]
[Site "Herceg Novi"]
[Date "2006.09.17"]
[Round "7"]
[White "Jojua, Davit"]
[Black "Zhigalko, Sergei"]
[Result "1/2-1/2"]
[WhiteElo "2371"]
[BlackElo "2487"]
[PlyCount "37"]
[EventDate "2006.09.10"]
[EventType "swiss"]
[EventRounds "9"]
[EventCountry "MNE"]
[SourceTitle "CBM 114 Extra"]
[Source "ChessBase"]
[SourceDate "2006.11.03"]
[SourceVersion "1"]
[SourceVersionDate "2006.11.03"]
[SourceQuality "1"]

1. d4 Nf6 2. c4 e6 3. Nf3 b6 4. Bg5 Bb7 5. Nc3 Bb4 6. Nd2 h6 7. Bh4 Bxc3 8. bxc3 d6 9. f3 Nbd7 10. e4 Qe7 11. c5 bxc5 12. Rb1 Bc8 13. e5 dxe5 14. dxe5 Nxe5 15. f4 Ned7 16. Qf3 Rb8 17. Rxb8 Nxb8 18. Qa8 O-O 19. Qxb8 1/2-1/2

[Event "EU-ch U18"]
[Site "Herceg Novi"]
[Date "2006.09.18"]
[Round "8"]
[White "Zhigalko, Sergei"]
[Black "Lanin, Alexsej"]
[Result "1-0"]
[WhiteElo "2487"]
[BlackElo "2475"]
[PlyCount "79"]
[EventDate "2006.09.10"]
[EventType "swiss"]
[EventRounds "9"]
[EventCountry "MNE"]
[SourceTitle "CBM 114 Extra"]
[Source "ChessBase"]
[SourceDate "2006.11.03"]
[SourceVersion "1"]
[SourceVersionDate "2006.11.03"]
[SourceQuality "1"]

1. e4 c5 2. Nf3 d6 3. d4 cxd4 4. Nxd4 Nf6 5. Nc3 a6 6. Be3 e5 7. Nb3 Be6 8. f3 Be7 9. Qd2 O-O 10. O-O-O Qc7 11. g4 Rc8 12. Qf2 Nbd7 13. Kb1 b5 14. g5 Nh5 15. h4 b4 16. Nd5 Bxd5 17. Rxd5 a5 18. Bh3 a4 19. Nc1 Rcb8 20. Bg4 Nf4 21. Bxf4 exf4 22. Bxd7 Qxd7 23. Qd2 Rb5 24. Ne2 a3 25. b3 Rxd5 26. Qxd5 Rc8 27. Nxf4 Bf8 28. Qd2 Rc3 29. Qf2 Qe8 30. Rd1 Qe5 31. Nd3 Qa5 32. f4 Rc8 33. Qd4 Rb8 34. h5 Qb5 35. f5 Be7 36. h6 Bf8 37. hxg7 Bxg7 38. Qxd6 Bf8 39. Qd4 Rc8 40. Rc1 1-0

[Event "EU-ch U18"]
[Site "Herceg Novi"]
[Date "2006.09.19"]
[Round "9"]
[White "Zhigalko, Sergei"]
[Black "Ragger, Markus"]
[Result "1-0"]
[WhiteElo "2487"]
[BlackElo "2456"]
[PlyCount "137"]
[EventDate "2006.09.10"]
[EventType "swiss"]
[EventRounds "9"]
[EventCountry "MNE"]
[SourceTitle "CBM 114 Extra"]
[Source "ChessBase"]
[SourceDate "2006.11.03"]
[SourceVersion "1"]
[SourceVersionDate "2006.11.03"]
[SourceQuality "1"]

1. e4 e5 2. Nf3 Nc6 3. Bb5 a6 4. Ba4 Nf6 5. O-O Be7 6. Re1 b5 7. Bb3 d6 8. c3 O-O 9. h3 Na5 10. Bc2 c5 11. d4 Qc7 12. Nbd2 cxd4 13. cxd4 Nc6 14. Nb3 a5 15. Be3 a4 16. Nbd2 Bd7 17. Rc1 Rac8 18. Bb1 Qb8 19. a3 Bd8 20. dxe5 dxe5 21. b4 axb3 22. Nxb3 Bb6 23. Nc5 Rfd8 24. Nxd7 Nxd7 25. Ba2 Bxe3 26. Rxe3 Nc5 27. Bd5 Ne6 28. Rec3 Ncd4 29. Rxc8 Rxc8 30. Rxc8+ Qxc8 31. Nxe5 Qc3 32. g3 Qc2 33. Qa1 h6 34. Kg2 Qd2 35. Nf3 Nxf3 36. Kxf3 Ng5+ 37. Kg2 Qd3 38. Qa2 Qf3+ 39. Kh2 Qc3 40. h4 Nf3+ 41. Kg2 Ne5 42. Qb3 Qc5 43. h5 Kf8 44. f4 Ng4 45. Kf3 Nh2+ 46. Ke2 Qg1 47. e5 Qf1+ 48. Kd2 Qf2+ 49. Kc1 Nf1 50. Qc3 g5 51. hxg6 Nxg3 52. Qb4+ Kg7 53. gxf7 Ne2+ 54. Kd1 Qf1+ 55. Kd2 Qxf4+ 56. Kxe2 Qxe5+ 57. Qe4 Qb2+ 58. Kf1 Qxa3 59. Qg4+ Kf6 60. Qf4+ Kg7 61. Qd4+ Kg6 62. Qf2 Qd3+ 63. Qe2 Qa3 64. Kg2 Qb4 65. Qd3+ Kg7 66. Qg3+ Kf6 67. Kh3 Qc5 68. Qf4+ Kg7 69. Qe5+ 1-0

[Event "EU-Cup 22nd"]
[Site "Fuegen"]
[Date "2006.10.08"]
[Round "1.4"]
[White "Zhigalko, Sergei"]
[Black "Hisler, Thomas"]
[Result "1-0"]
[WhiteElo "2504"]
[BlackElo "2237"]
[PlyCount "69"]
[EventDate "2006.10.08"]
[EventType "team-swiss"]
[EventRounds "7"]
[EventCountry "AUT"]
[SourceTitle "CBM 115"]
[Source "ChessBase"]
[SourceDate "2006.11.15"]
[SourceVersion "1"]
[SourceVersionDate "2006.11.15"]
[SourceQuality "1"]
[WhiteTeam "Minsk Vesnianka"]
[BlackTeam "Dudelange"]
[WhiteTeamCountry "BLR"]
[BlackTeamCountry "LUX"]

1. e4 e5 2. Nf3 Nc6 3. Bb5 Nf6 4. O-O Bc5 5. c3 O-O 6. d4 Bb6 7. Re1 d6 8. h3 exd4 9. cxd4 d5 10. e5 Ne4 11. Nc3 Bf5 12. Be3 h6 13. Rc1 Ne7 14. a3 f6 15. Na4 Ba5 16. b4 c6 17. Bd3 Bc7 18. exf6 Rxf6 19. Ne5 Ng6 20. f3 Nd6 21. Nc5 Ne7 22. Bf2 b6 23. Na6 Bxd3 24. Qxd3 Ne8 25. Nxc7 Nxc7 26. Bh4 g5 27. Ng4 Nf5 28. Nxf6+ Qxf6 29. Bf2 Nb5 30. Re5 Rf8 31. Rce1 Nc7 32. Qc2 h5 33. a4 a6 34. Rc1 Ne7 35. h4 1-0

[Event "EU-Cup 22nd"]
[Site "Fuegen"]
[Date "2006.10.09"]
[Round "2.4"]
[White "Sarakauskas, Gediminas"]
[Black "Zhigalko, Sergei"]
[Result "0-1"]
[WhiteElo "2438"]
[BlackElo "2504"]
[PlyCount "78"]
[EventDate "2006.10.08"]
[EventType "team-swiss"]
[EventRounds "7"]
[EventCountry "AUT"]
[SourceTitle "CBM 115"]
[Source "ChessBase"]
[SourceDate "2006.11.15"]
[SourceVersion "1"]
[SourceVersionDate "2006.11.15"]
[SourceQuality "1"]
[WhiteTeam "Vilnius NSEL"]
[BlackTeam "Minsk Vesnianka"]
[WhiteTeamCountry "LTU"]
[BlackTeamCountry "BLR"]

1. c4 e5 2. g3 Nf6 3. Bg2 Nc6 4. Nc3 Bb4 5. e4 O-O 6. Nge2 d6 7. O-O Bc5 8. d3 a6 9. h3 h6 10. Kh2 Rb8 11. f4 b5 12. Nd5 bxc4 13. fxe5 Nxd5 14. exd5 cxd3 15. dxc6 dxe2 16. Qxe2 Qe7 17. Re1 Re8 18. Bf4 Bd4 19. Rad1 Rxb2 20. Rd2 Rxd2 21. Qxd2 dxe5 22. Be3 Bxe3 23. Qxe3 Qd6 24. Re2 e4 25. Qc3 f5 26. Rd2 Qe7 27. Bf1 Kh7 28. Be2 Rd8 29. Rxd8 Qxd8 30. Kg2 Qd5 31. Kf2 Qxa2 32. Qe5 a5 33. Ke3 Qa3+ 34. Kf2 Qd6 35. Qe8 Be6 36. Bh5 Bd5 37. Qd7 Qe5 38. Bf7 Qb2+ 39. Ke3 Qb3+ 0-1

[Event "EU-Cup 22nd"]
[Site "Fuegen"]
[Date "2006.10.10"]
[Round "3.4"]
[White "Zhigalko, Sergei"]
[Black "Tregubov, Pavel V"]
[Result "1/2-1/2"]
[WhiteElo "2504"]
[BlackElo "2596"]
[PlyCount "157"]
[EventDate "2006.10.08"]
[EventType "team-swiss"]
[EventRounds "7"]
[EventCountry "AUT"]
[SourceTitle "CBM 115"]
[Source "ChessBase"]
[SourceDate "2006.11.15"]
[SourceVersion "1"]
[SourceVersionDate "2006.11.15"]
[SourceQuality "1"]
[WhiteTeam "Minsk Vesnianka"]
[BlackTeam "Clichy Echecs 92"]
[WhiteTeamCountry "BLR"]
[BlackTeamCountry "FRA"]

1. e4 c5 2. Nf3 Nc6 3. Bb5 Nf6 4. Bxc6 dxc6 5. d3 Nd7 6. Bf4 g6 7. O-O Bg7 8. e5 Nf8 9. h3 Ne6 10. Bh2 O-O 11. Re1 b5 12. Nbd2 Bb7 13. Ne4 Qd5 14. c4 Qd7 15. Qd2 Rad8 16. Rad1 bxc4 17. dxc4 Qc7 18. Qc3 Qb6 19. Bg3 h6 20. Bh4 g5 21. Bg3 Bc8 22. Rd2 Rxd2 23. Nfxd2 Nd4 24. Nb3 Nxb3 25. axb3 Bf5 26. h4 Rb8 27. Qf3 Bxe4 28. Qxe4 Qxb3 29. hxg5 hxg5 30. Qg4 e6 31. Kh2 Qd3 32. Qxg5 Rxb2 33. Ra1 Qh7+ 34. Kg1 Rb1+ 35. Rxb1 Qxb1+ 36. Kh2 Qh7+ 37. Kg1 Qd3 38. Qe7 Qd1+ 39. Kh2 Qh5+ 40. Kg1 Qd1+ 41. Kh2 Qh5+ 42. Kg1 Bxe5 43. Qxc5 Qd1+ 44. Kh2 Qh5+ 45. Kg1 Qd1+ 46. Kh2 Bxg3+ 47. fxg3 Qd7 48. Qg5+ Kf8 49. Qh6+ Ke8 50. Qh8+ Ke7 51. Qh4+ f6 52. Qh7+ Kd6 53. Qd3+ Kc7 54. Qa3 Kc8 55. Qf8+ Qd8 56. Qf7 a5 57. Qxe6+ Kb7 58. c5 a4 59. Qg4 Qa5 60. Qd7+ Qc7 61. Qd3 Qf7 62. Qd4 Qh5+ 63. Kg1 Qd5 64. Qb4+ Kc7 65. Kh2 Qb3 66. Qf4+ Kb7 67. Qxf6 a3 68. Qd8 Qb5 69. Qd4 a2 70. g4 Qa5 71. Qb2+ Ka7 72. Qg7+ Ka6 73. Qa1 Qa4 74. g5 Qb3 75. Qf6 Kb5 76. g6 Qb1 77. g7 a1=Q 78. Qxa1 Qxa1 79. g8=Q 1/2-1/2

[Event "EU-Cup 22nd"]
[Site "Fuegen"]
[Date "2006.10.11"]
[Round "4.4"]
[White "Volkmann, Friedrich Karl"]
[Black "Zhigalko, Sergei"]
[Result "1/2-1/2"]
[WhiteElo "2416"]
[BlackElo "2504"]
[PlyCount "81"]
[EventDate "2006.10.08"]
[EventType "team-swiss"]
[EventRounds "7"]
[EventCountry "AUT"]
[SourceTitle "CBM 115"]
[Source "ChessBase"]
[SourceDate "2006.11.15"]
[SourceVersion "1"]
[SourceVersionDate "2006.11.15"]
[SourceQuality "1"]
[WhiteTeam "Wulkaprodersdorf"]
[BlackTeam "Minsk Vesnianka"]
[WhiteTeamCountry "AUT"]
[BlackTeamCountry "BLR"]

1. e4 c5 2. Nf3 Nc6 3. d4 cxd4 4. Nxd4 Nf6 5. Nc3 e5 6. Ndb5 d6 7. Bg5 a6 8. Na3 b5 9. Bxf6 gxf6 10. Nd5 Bg7 11. c3 f5 12. exf5 Bxf5 13. Nc2 Be6 14. g3 O-O 15. Bg2 a5 16. O-O Rb8 17. Qh5 Qd7 18. Nce3 f5 19. g4 e4 20. gxf5 Bxf5 21. Nxf5 Rxf5 22. Qg4 Qf7 23. Qxe4 Re8 24. Nf6+ Rxf6 25. Qxc6 Kh8 26. Rae1 Rf8 27. Qxb5 Rxf2 28. Kh1 Be5 29. Rxf2 Qxf2 30. Rf1 Qh4 31. Rxf8+ Kg7 32. Rg8+ Kxg8 33. Bd5+ Kf8 34. Qb8+ Ke7 35. Qa7+ Ke8 36. Qb8+ Ke7 37. Qc7+ Ke8 38. Qc8+ Ke7 39. Qe6+ Kd8 40. Qg8+ Ke7 41. Qf7+ 1/2-1/2

[Event "EU-Cup 22nd"]
[Site "Fuegen"]
[Date "2006.10.12"]
[Round "5.4"]
[White "Zhigalko, Sergei"]
[Black "Dambacher, Martijn"]
[Result "0-1"]
[WhiteElo "2504"]
[BlackElo "2429"]
[PlyCount "102"]
[EventDate "2006.10.08"]
[EventType "team-swiss"]
[EventRounds "7"]
[EventCountry "AUT"]
[SourceTitle "CBM 115"]
[Source "ChessBase"]
[SourceDate "2006.11.15"]
[SourceVersion "1"]
[SourceVersionDate "2006.11.15"]
[SourceQuality "1"]
[WhiteTeam "Minsk Vesnianka"]
[BlackTeam "Eynatten"]
[WhiteTeamCountry "BLR"]
[BlackTeamCountry "BEL"]

1. e4 e6 2. d4 d5 3. e5 c5 4. c3 Nc6 5. Nf3 Bd7 6. Be2 Nge7 7. Na3 Ng6 8. h4 cxd4 9. cxd4 Bb4+ 10. Kf1 Be7 11. g3 O-O 12. h5 Nh8 13. h6 g6 14. Nc2 f6 15. exf6 Bxf6 16. Kg2 Nf7 17. Bf4 Be8 18. Bd3 g5 19. Be3 Kh8 20. Qe2 Nd6 21. Ne5 Nf5 22. Bxf5 exf5 23. f4 Bxe5 24. dxe5 d4 25. Rhd1 Qd5+ 26. Kg1 Qe4 27. Nxd4 Bh5 28. Qd3 Bxd1 29. Rxd1 Qxd3 30. Rxd3 Rad8 31. Kf2 Rd5 32. Ke2 gxf4 33. gxf4 Rfd8 34. Nxc6 Rxd3 35. Nxd8 Rxd8 36. Bxa7 Ra8 37. Bd4 Rxa2 38. Kd3 Kg8 39. Kc4 Ra6 40. Kd5 Kf7 41. b4 Rxh6 42. b5 Rg6 43. Bf2 h5 44. Be1 Rg1 45. e6+ Ke8 46. Bf2 Rg2 47. Be1 Rh2 48. Bg3 Rh3 49. Bf2 Rf3 50. Bg1 h4 51. Ke5 Rf1 0-1